Ukrajinsko-slovenské obchodno-hospodárske vzťahy - súčasnosť a budúcnosť

Údaje o zahraničnoobchodnej činnosti medzi Ukrajinou a Slovenskou republikou za rok 2003. Celkový zahraničnoobchodný obrat tovarov a služieb. Vývoz ukrajinských tovarov na Slovensko. Objem dovozu slovenských výrobkov na Ukrajinu. Podmienky investovania na Ukrajine. Špeciálne ekonomické zóny a územia...

Ausführliche Beschreibung

Gespeichert in:
Bibliographische Detailangaben
1. Verfasser: Hošovskyj, Zinovij
Format: Buchkapitel
Sprache:Slowakisch
Schlagworte:
Tags: Tag hinzufügen
Keine Tags, Fügen Sie das erste Tag hinzu!

MARC

LEADER 00000naa$a2200000$$$4500
001 0019512
005 20230808081536.5
041 0 |a slo 
044 |a SK 
245 1 0 |a Ukrajinsko-slovenské obchodno-hospodárske vzťahy - súčasnosť a budúcnosť  |c Zinovij Hošovskyj 
520 |a Údaje o zahraničnoobchodnej činnosti medzi Ukrajinou a Slovenskou republikou za rok 2003. Celkový zahraničnoobchodný obrat tovarov a služieb. Vývoz ukrajinských tovarov na Slovensko. Objem dovozu slovenských výrobkov na Ukrajinu. Podmienky investovania na Ukrajine. Špeciálne ekonomické zóny a územia prioritného rozvoja na Ukrajine. Perspektívy rozvoja obchodno-hospodárskych vzťahov medzi Ukrajinou a SR. 
610 2 0 |a vzťahy ekonomické 
610 2 0 |a vzťahy hospodárske vonkajšie 
610 2 0 |a Ukrajina 
610 2 0 |a Slovensko 
610 2 0 |a styk zahraničnoobchodný 
610 2 0 |a obrat obchodu zahraničného 
610 2 0 |a štruktúra dovozu 
610 2 0 |a štruktúra vývozu 
610 2 0 |a komodity 
610 2 0 |a prostredie ekonomické 
610 2 0 |a zóny 
100 1 |a Hošovskyj, Zinovij